[Event "Titled Tuesday intern op 21st Dec"]
[Site "Chess.com INT"]
[Date "2021.12.21"]
[Round "5"]
[White "Migot, Tangi"]
[Black "Fajdetic, Hrvoje"]
[Result "1/2-1/2"]
[WhiteElo "2353"]
[BlackElo "2151"]
[PlyCount "190"]
[EventDate "2021.12.21"]
[EventType "swiss (blitz)"]
[EventRounds "11"]
[EventCountry "USA"]
[SourceTitle "CBM 205 Extra"]
[Source "ChessBase"]
[SourceDate "2022.01.31"]
[SourceVersion "1"]
[SourceVersionDate "2022.01.31"]
[SourceQuality "1"]

1. e4 e6 2. Nc3 d5 3. d4 dxe4 4. Nxe4 Nd7 5. Nf3 Ngf6 6. Bd3 Nxe4 7. Bxe4 Nf6 8. Bd3 c5 9. O-O cxd4 10. Nxd4 Qc7 11. a4 Bc5 12. Be3 Nd5 13. Nb5 Qe7 14. Bxc5 Qxc5 15. Qh5 a6 16. Nc3 g6 17. Qe5 f6 18. Ne4 Qe7 19. Qg3 O-O 20. Nd6 Kg7 21. Rfd1 Nb4 22. Be4 e5 23. c3 Nc6 24. b4 Nd8 25. a5 Ne6 26. Qe3 Rd8 27. Qb6 f5 28. Nxc8 Raxc8 29. Bxb7 Rxc3 30. Rxd8 Nxd8 31. Bxa6 Nc6 32. Bf1 Nxb4 33. a6 Nxa6 34. Rxa6 Rc7 35. Qe6 Qxe6 36. Rxe6 e4 37. Rd6 h6 38. Rd1 Re7 39. Re1 Kf6 40. g3 Re6 41. h4 g5 42. Bc4 Rd6 43. h5 Ke5 44. Bf7 f4 45. Bg6 Rd4 46. Kg2 f3+ 47. Kh3 Kd5 48. Kg4 Ke5 49. Bf5 e3+ 50. Kxf3 Kxf5 51. Rxe3 g4+ 52. Kg2 Rd5 53. Ra3 Kg5 54. Ra4 Kxh5 55. Rf4 Kg5 56. Rf8 h5 57. Rg8+ Kf5 58. Rh8 Kg5 59. Rg8+ Kf5 60. Rh8 Kg5 61. Rf8 Rf5 62. Rh8 Rf6 63. Rg8+ Rg6 64. Ra8 Rf6 65. Ra5+ Rf5 66. Ra4 h4 67. gxh4+ Kxh4 68. Rb4 Rf6 69. Rb8 Kg5 70. Rh8 Rf3 71. Rg8+ Kf4 72. Rf8+ Ke4 73. Re8+ Kf4 74. Rf8+ Ke4 75. Rg8 Kf4 76. Rg7 Rd3 77. Rf7+ Kg5 78. Rf8 Rc3 79. Rg8+ Kf4 80. Ra8 Rb3 81. Ra4+ Kg5 82. Ra5+ Kf4 83. Ra8 Rc3 84. Rf8+ Kg5 85. Rh8 Kf4 86. Rg8 Rb3 87. Rf8+ Kg5 88. Re8 Rc3 89. Rg8+ Kf4 90. Rg7 Rb3 91. Rf7+ Kg5 92. Kf1 Rb2 93. Kg2 Rb3 94. Rg7+ Kf4 95. Rg8 Rc3 1/2-1/2

[Event "Titled Tuesday intern op 21st Dec"]
[Site "Chess.com INT"]
[Date "2021.12.21"]
[Round "5"]
[White "Miszler, Levente"]
[Black "Paltrinieri, Nicholas"]
[Result "0-1"]
[WhiteElo "2203"]
[BlackElo "2344"]
[PlyCount "36"]
[EventDate "2021.12.21"]
[EventType "swiss (blitz)"]
[EventRounds "11"]
[EventCountry "USA"]
[SourceTitle "CBM 205 Extra"]
[Source "ChessBase"]
[SourceDate "2022.01.31"]
[SourceVersion "1"]
[SourceVersionDate "2022.01.31"]
[SourceQuality "1"]

1. Nf3 f5 2. c4 Nf6 3. g3 d6 4. Bg2 e5 5. O-O Nc6 6. Nc3 Be7 7. d3 O-O 8. Rb1 a5 9. a3 Qe8 10. b4 axb4 11. axb4 Qh5 12. b5 Nd8 13. Bb2 f4 14. Ra1 Rxa1 15. Qxa1 Bh3 16. Ne4 Ng4 17. Neg5 Bxg2 18. Kxg2 Bxg5 0-1

[Event "Titled Tuesday intern op 21st Dec"]
[Site "Chess.com INT"]
[Date "2021.12.21"]
[Round "5"]
[White "Mkrtchian, Lilit"]
[Black "Jarocka, Liwia"]
[Result "0-1"]
[WhiteElo "2378"]
[BlackElo "2006"]
[PlyCount "92"]
[EventDate "2021.12.21"]
[EventType "swiss (blitz)"]
[EventRounds "11"]
[EventCountry "USA"]
[SourceTitle "CBM 205 Extra"]
[Source "ChessBase"]
[SourceDate "2022.01.31"]
[SourceVersion "1"]
[SourceVersionDate "2022.01.31"]
[SourceQuality "1"]

1. e4 c5 2. Nc3 Nc6 3. Nge2 g6 4. d4 cxd4 5. Nxd4 Bg7 6. Be3 Nf6 7. Bc4 d6 8. f3 O-O 9. Qd2 Bd7 10. Bb3 Rc8 11. O-O-O Nxd4 12. Bxd4 b5 13. h4 a5 14. a3 b4 15. axb4 axb4 16. Nd5 Nxd5 17. exd5 Qa5 18. Qe3 Bxd4 19. Qxd4 Bf5 20. Kd2 Bxc2 21. Ra1 Qxa1 22. Rxa1 Bxb3 23. Qxb4 Bxd5 24. Ra7 Rfe8 25. h5 f6 26. h6 Bf7 27. Qd4 Rc5 28. Ra1 Rd5 29. Qxd5 Bxd5 30. Ra7 Kf7 31. Ke3 Rb8 32. Kd4 Be6 33. Kc3 Rb3+ 34. Kc2 Rb5 35. Kc3 d5 36. b4 d4+ 37. Kxd4 Rxb4+ 38. Ke3 Rb3+ 39. Kf4 Rb2 40. g4 Rb4+ 41. Kg3 g5 42. Rc7 Rc4 43. Ra7 Rc3 44. Ra5 Bd7 45. Ra6 Bb5 46. Rb6 Be2 0-1

[Event "Titled Tuesday intern op 21st Dec"]
[Site "Chess.com INT"]
[Date "2021.12.21"]
[Round "5"]
[White "Nan, MK Khine Hlyan"]
[Black "Popadic, Dragan"]
[Result "1/2-1/2"]
[WhiteElo "1979"]
[BlackElo "2143"]
[PlyCount "122"]
[EventDate "2021.12.21"]
[EventType "swiss (blitz)"]
[EventRounds "11"]
[EventCountry "USA"]
[SourceTitle "CBM 205 Extra"]
[Source "ChessBase"]
[SourceDate "2022.01.31"]
[SourceVersion "1"]
[SourceVersionDate "2022.01.31"]
[SourceQuality "1"]

1. e4 c5 2. Nf3 Nc6 3. d4 cxd4 4. Nxd4 Nf6 5. Nc3 e5 6. Ndb5 d6 7. Bg5 a6 8. Na3 b5 9. Nd5 Be7 10. Bxf6 Bxf6 11. c3 O-O 12. Nc2 Bg5 13. a4 bxa4 14. Rxa4 a5 15. Bc4 Rb8 16. b3 Kh8 17. O-O f5 18. exf5 Bxf5 19. Nce3 Bg6 20. Qg4 e4 21. h4 Bxh4 22. Nf4 Rxf4 23. Qxf4 Ne5 24. Rd1 Bg5 25. Qxe5 dxe5 26. Rxd8+ Rxd8 27. Rxa5 h6 28. Rxe5 Ra8 29. Rxg5 hxg5 30. b4 Ra1+ 31. Kh2 Rc1 32. Nd5 Bf7 33. b5 Bxd5 34. Bxd5 Rxc3 35. Bxe4 Rb3 36. Bc6 Kh7 37. f3 Kg6 38. Kg3 Kf5 39. Be4+ Kf6 40. Bc6 Rb2 41. Bd7 Ke5 42. Bc6 Kd6 43. Be8 Ke5 44. Bc6 Kd4 45. Be8 Ke3 46. Bc6 Ke2 47. Kg4 Ke3 48. g3 Kf2 49. Kxg5 Kxg3 50. Kf5 Kh4 51. Kg6 Rg2+ 52. Kf5 g6+ 53. Kf4 g5+ 54. Kf5 Rb2 55. Ke4 Kg3 56. Kd3 Kf4 57. Kc3 Rb1 58. Kc2 Rb4 59. Kc3 Rb1 60. Kc2 Rb4 61. Kc3 Rb1 1/2-1/2

[Event "Titled Tuesday intern op 21st Dec"]
[Site "Chess.com INT"]
[Date "2021.12.21"]
[Round "5"]
[White "Nasuta, Grzegorz"]
[Black "Holt, Conrad"]
[Result "1-0"]
[WhiteElo "2521"]
[BlackElo "2553"]
[PlyCount "73"]
[EventDate "2021.12.21"]
[EventType "swiss (blitz)"]
[EventRounds "11"]
[EventCountry "USA"]
[SourceTitle "CBM 205 Extra"]
[Source "ChessBase"]
[SourceDate "2022.01.31"]
[SourceVersion "1"]
[SourceVersionDate "2022.01.31"]
[SourceQuality "1"]

1. e4 e6 2. d4 d5 3. Nc3 Nf6 4. Bg5 dxe4 5. Nxe4 Be7 6. Bxf6 Bxf6 7. Nf3 Nd7 8. Qd2 O-O 9. O-O-O Be7 10. h4 b6 11. Bd3 Bb7 12. Neg5 h6 13. Bh7+ Kh8 14. Be4 Bxe4 15. Nxe4 Nf6 16. Nxf6 Bxf6 17. Kb1 c5 18. g4 Qd5 19. Qf4 Bxd4 20. c3 f5 21. g5 e5 22. Qg3 f4 23. Qg2 Qe4+ 24. Ka1 Be3 25. gxh6 gxh6 26. fxe3 fxe3 27. Rhg1 Rg8 28. Qe2 Raf8 29. Nd2 Qxh4 30. Qxe3 Qf4 31. Qe2 Rxg1 32. Rxg1 Rg8 33. Re1 Re8 34. Ne4 Re7 35. a3 Rd7 36. Rf1 Qh4 37. Nf6 1-0

[Event "Titled Tuesday intern op 21st Dec"]
[Site "Chess.com INT"]
[Date "2021.12.21"]
[Round "5"]
[White "Navalgund, Niranjan"]
[Black "Ruiz Aguilar, Pablo Alexander"]
[Result "1-0"]
[WhiteElo "2289"]
[BlackElo "2171"]
[PlyCount "131"]
[EventDate "2021.12.21"]
[EventType "swiss (blitz)"]
[EventRounds "11"]
[EventCountry "USA"]
[SourceTitle "CBM 205 Extra"]
[Source "ChessBase"]
[SourceDate "2022.01.31"]
[SourceVersion "1"]
[SourceVersionDate "2022.01.31"]
[SourceQuality "1"]

1. e4 c5 2. d4 cxd4 3. c3 dxc3 4. Bc4 Nc6 5. Nf3 e6 6. O-O a6 7. Nxc3 d6 8. Bg5 Qa5 9. Qe2 Nge7 10. Rfd1 Ng6 11. Nd5 h6 12. Bd2 Qd8 13. Bc3 exd5 14. exd5+ Nce5 15. Nxe5 dxe5 16. d6 Bxd6 17. Qd3 O-O 18. Qxg6 Qc7 19. Qxd6 Qxc4 20. Qxe5 f6 21. Qg3 Qg4 22. Qc7 Be6 23. Rd4 Qf5 24. Re1 Rac8 25. Qxb7 Bxa2 26. Rd7 Bf7 27. Rde7 Rb8 28. Qc7 Rfc8 29. Qg3 Bg6 30. h4 h5 31. Rd1 Kh7 32. Rdd7 Rg8 33. Kh2 Rb5 34. Qe3 a5 35. Qd4 a4 36. Qxf6 Qxf6 37. Bxf6 Rf5 38. Bxg7 Rf7 39. Rxf7 Bxf7 40. Rxf7 Rxg7 41. Rxg7+ Kxg7 42. Kg3 Kf6 43. Kf4 Ke6 44. g4 hxg4 45. Kxg4 Kd5 46. h5 Kc4 47. h6 Kb3 48. h7 Kxb2 49. h8=Q+ Kb1 50. f4 a3 51. Qa8 a2 52. f5 a1=Q 53. Qxa1+ Kxa1 54. f6 Kb2 55. f7 Kc3 56. f8=R Kd4 57. Rf5 Kc4 58. Kf4 Kb4 59. Ke4 Kc4 60. Rd5 Kc3 61. Rd4 Kc2 62. Rd3 Kc1 63. Ke3 Kb2 64. Kd2 Ka2 65. Kc2 Ka1 66. Ra3# 1-0

[Event "Titled Tuesday intern op 21st Dec"]
[Site "Chess.com INT"]
[Date "2021.12.21"]
[Round "5"]
[White "Nikulina, Alena"]
[Black "Begunov, Konstantin"]
[Result "0-1"]
[WhiteElo "1923"]
[BlackElo "2325"]
[PlyCount "78"]
[EventDate "2021.12.21"]
[EventType "swiss (blitz)"]
[EventRounds "11"]
[EventCountry "USA"]
[SourceTitle "CBM 205 Extra"]
[Source "ChessBase"]
[SourceDate "2022.01.31"]
[SourceVersion "1"]
[SourceVersionDate "2022.01.31"]
[SourceQuality "1"]

1. e4 c5 2. Nf3 d6 3. d4 cxd4 4. Nxd4 Nf6 5. Nc3 a6 6. Bg5 e6 7. f4 Qb6 8. Nb3 Nbd7 9. Bh4 Be7 10. Bf2 Qc7 11. Be2 O-O 12. O-O b5 13. a3 Bb7 14. Bf3 Nc5 15. Nxc5 dxc5 16. Qe2 Rfd8 17. Rfd1 Qxf4 18. Bg3 Qg5 19. Bc7 Rxd1+ 20. Rxd1 Rc8 21. Bg3 c4 22. Kh1 Qc5 23. Bh4 h6 24. e5 Bxf3 25. gxf3 Nd5 26. Bxe7 Nxe7 27. Rg1 Ng6 28. Ne4 Qxe5 29. c3 Rd8 30. Rd1 Rxd1+ 31. Qxd1 Kh7 32. Qd2 Qf4 33. Qe2 Ne5 34. Kg2 Nd3 35. Ng3 Qc1 36. Qe4+ g6 37. Ne2 Qxb2 38. Kf1 Qb1+ 39. Kg2 Qe1 0-1

[Event "Titled Tuesday intern op 21st Dec"]
[Site "Chess.com INT"]
[Date "2021.12.21"]
[Round "5"]
[White "Novikova, Galina"]
[Black "Budrewicz, Krzysztof"]
[Result "0-1"]
[WhiteElo "2073"]
[BlackElo "2183"]
[PlyCount "102"]
[EventDate "2021.12.21"]
[EventType "swiss (blitz)"]
[EventRounds "11"]
[EventCountry "USA"]
[SourceTitle "CBM 205 Extra"]
[Source "ChessBase"]
[SourceDate "2022.01.31"]
[SourceVersion "1"]
[SourceVersionDate "2022.01.31"]
[SourceQuality "1"]

1. e4 c5 2. Nf3 e6 3. b4 cxb4 4. a3 Nc6 5. axb4 Bxb4 6. c3 Be7 7. d4 d5 8. e5 Nh6 9. Bd3 Bd7 10. O-O Rc8 11. Na3 a6 12. c4 Nb4 13. Be2 Nf5 14. c5 b6 15. cxb6 Qxb6 16. Rb1 a5 17. g4 Nh4 18. Nxh4 Bxh4 19. f4 Be7 20. f5 h5 21. f6 gxf6 22. exf6 Bd6 23. g5 Qc7 24. h4 Bh2+ 25. Kh1 Qg3 26. Bf4 Qxh4 27. Bxh2 Rc3 28. Rb3 Rxb3 29. Qxb3 O-O 30. Qe3 Rc8 31. Rg1 Qe4+ 32. Qxe4 dxe4 33. Bxh5 Rc3 34. Nb1 Rh3 35. Bg4 Rh4 36. Be2 Bc6 37. Rf1 e3+ 38. Bf3 Nd5 39. Re1 Rxd4 40. Bxd5 Bxd5+ 41. Kg1 Rg4+ 42. Kf1 Bc4+ 43. Re2 Bxe2+ 44. Kxe2 Rg2+ 45. Kxe3 Rxh2 46. Nc3 Rh3+ 47. Kd4 Rxc3 48. Kxc3 Kh7 49. Kb3 Kg6 50. Ka4 Kxg5 51. Kxa5 Kxf6 0-1

[Event "Titled Tuesday intern op 21st Dec"]
[Site "Chess.com INT"]
[Date "2021.12.21"]
[Round "5"]
[White "Olcayoz, Alper"]
[Black "Nestorovic, Nikola"]
[Result "0-1"]
[WhiteElo "2244"]
[BlackElo "2467"]
[PlyCount "68"]
[EventDate "2021.12.21"]
[EventType "swiss (blitz)"]
[EventRounds "11"]
[EventCountry "USA"]
[SourceTitle "CBM 205 Extra"]
[Source "ChessBase"]
[SourceDate "2022.01.31"]
[SourceVersion "1"]
[SourceVersionDate "2022.01.31"]
[SourceQuality "1"]

1. e4 c6 2. Nc3 d5 3. Qf3 dxe4 4. Nxe4 Nf6 5. Nxf6+ exf6 6. Bc4 Bd6 7. Ne2 O-O 8. O-O Nd7 9. d4 Nb6 10. Bd3 Be6 11. b3 g6 12. Bb2 Bd5 13. Qh3 Be6 14. Qf3 Bd5 15. Qh3 Be6 16. Qh6 Nd5 17. a3 a5 18. c4 Nc7 19. Nf4 Re8 20. d5 cxd5 21. Nxe6 Rxe6 22. Rad1 Be5 23. Bc1 dxc4 24. Bxg6 hxg6 25. Rxd8+ Rxd8 26. bxc4 Bd4 27. Be3 Bxe3 28. fxe3 Ne8 29. Rf3 Rd1+ 30. Kf2 Ng7 31. Rh3 Nh5 32. g4 Rd2+ 33. Ke1 Ra2 34. gxh5 Rb6 0-1

[Event "Titled Tuesday intern op 21st Dec"]
[Site "Chess.com INT"]
[Date "2021.12.21"]
[Round "5"]
[White "Onischuk, Vladimir"]
[Black "Matinian, Nikita"]
[Result "1-0"]
[WhiteElo "2620"]
[BlackElo "2454"]
[PlyCount "81"]
[EventDate "2021.12.21"]
[EventType "swiss (blitz)"]
[EventRounds "11"]
[EventCountry "USA"]
[SourceTitle "CBM 205 Extra"]
[Source "ChessBase"]
[SourceDate "2022.01.31"]
[SourceVersion "1"]
[SourceVersionDate "2022.01.31"]
[SourceQuality "1"]

1. e4 e5 2. Nf3 Nc6 3. Bc4 Nf6 4. d3 Bc5 5. Nbd2 a5 6. c3 O-O 7. O-O d6 8. h3 Ne7 9. Re1 Ng6 10. a4 h6 11. Nf1 c6 12. Ng3 d5 13. exd5 cxd5 14. Bb5 e4 15. dxe4 dxe4 16. Qxd8 Rxd8 17. Nxe4 Nxe4 18. Rxe4 Bf5 19. Re1 Nf8 20. Be3 Bxe3 21. Rxe3 Ne6 22. Re5 Bd3 23. Rd1 Bc2 24. Rc1 Bb3 25. Re2 Rd1+ 26. Rxd1 Bxd1 27. Re5 Bxf3 28. gxf3 Rd8 29. Bc4 Nf4 30. Bxf7+ Kh7 31. h4 g5 32. hxg5 hxg5 33. Bc4 Rd1+ 34. Kh2 Kh6 35. Rb5 Rd2 36. Rb6+ Kg7 37. Kg3 Rd1 38. Kg4 Rg1+ 39. Kf5 Nh3 40. Rxb7+ Kh6 41. Bg8 1-0

[Event "Titled Tuesday intern op 21st Dec"]
[Site "Chess.com INT"]
[Date "2021.12.21"]
[Round "5"]
[White "Ozdemir, Serhan Berat"]
[Black "Agibileg, Uurtsaikh"]
[Result "0-1"]
[WhiteElo "2178"]
[BlackElo "2440"]
[PlyCount "60"]
[EventDate "2021.12.21"]
[EventType "swiss (blitz)"]
[EventRounds "11"]
[EventCountry "USA"]
[SourceTitle "CBM 205 Extra"]
[Source "ChessBase"]
[SourceDate "2022.01.31"]
[SourceVersion "1"]
[SourceVersionDate "2022.01.31"]
[SourceQuality "1"]

1. e4 c5 2. Nf3 e6 3. c3 Nf6 4. e5 Nd5 5. d4 cxd4 6. cxd4 d6 7. a3 Be7 8. Bd3 b6 9. O-O Bb7 10. Qe2 Nd7 11. Re1 dxe5 12. dxe5 Rc8 13. Bd2 O-O 14. Nc3 Nc5 15. Bc2 a5 16. Rad1 Ba6 17. Nb5 a4 18. Nfd4 Qe8 19. Bb4 Nc7 20. Bxc5 Nxb5 21. Qe4 g6 22. Bxe7 Qxe7 23. Bxa4 Bb7 24. Qe3 Nxd4 25. Rxd4 Rc5 26. Red1 Bd5 27. b4 Rc7 28. Bb3 Bb7 29. a4 Rfc8 30. Qf4 Rc3 0-1

[Event "Titled Tuesday intern op 21st Dec"]
[Site "Chess.com INT"]
[Date "2021.12.21"]
[Round "5"]
[White "Perez Leiva, Jerzy Jesus"]
[Black "Papasimakopoulos, Alexandros"]
[Result "0-1"]
[WhiteElo "2384"]
[BlackElo "2259"]
[PlyCount "70"]
[EventDate "2021.12.21"]
[EventType "swiss (blitz)"]
[EventRounds "11"]
[EventCountry "USA"]
[SourceTitle "CBM 205 Extra"]
[Source "ChessBase"]
[SourceDate "2022.01.31"]
[SourceVersion "1"]
[SourceVersionDate "2022.01.31"]
[SourceQuality "1"]

1. e4 e6 2. d4 d5 3. Nc3 Bb4 4. e5 b6 5. Qg4 Bf8 6. h4 h5 7. Qh3 Ne7 8. Bg5 Ba6 9. O-O-O Bxf1 10. Rxf1 Qd7 11. Nge2 c5 12. g4 hxg4 13. Qxg4 Nbc6 14. Bxe7 Bxe7 15. Qxg7 O-O-O 16. Qg3 cxd4 17. Nb5 Nxe5 18. Qxe5 Qxb5 19. Nxd4 Qd7 20. h5 Qd6 21. f4 Rh6 22. Qg7 Rdh8 23. Qxf7 Kd7 24. f5 e5 25. Ne6 R6h7 26. Qg6 Rh6 27. Qg7 R6h7 28. Qg4 e4 29. f6 Qxe6 30. Qe2 Bxf6 31. Qa6 Kc6 32. Kb1 e3 33. Rf4 e2 34. Re1 Rxh5 35. Ra4 Rh1 0-1

[Event "Titled Tuesday intern op 21st Dec"]
[Site "Chess.com INT"]
[Date "2021.12.21"]
[Round "5"]
[White "Piesik, Piotr"]
[Black "Iturrizaga Bonelli, Eduardo"]
[Result "1-0"]
[WhiteElo "2407"]
[BlackElo "2606"]
[PlyCount "83"]
[EventDate "2021.12.21"]
[EventType "swiss (blitz)"]
[EventRounds "11"]
[EventCountry "USA"]
[SourceTitle "CBM 205 Extra"]
[Source "ChessBase"]
[SourceDate "2022.01.31"]
[SourceVersion "1"]
[SourceVersionDate "2022.01.31"]
[SourceQuality "1"]

1. Nf3 c5 2. g3 g6 3. Bg2 Bg7 4. O-O Nc6 5. c3 d5 6. d4 cxd4 7. cxd4 e6 8. Nc3 Nge7 9. e3 O-O 10. b3 h5 11. a4 Nf5 12. Ba3 Re8 13. Qe2 a6 14. Rfc1 Bd7 15. Ne1 Rc8 16. Nd3 b6 17. Nf4 Ra8 18. Bf1 Qb8 19. Qd1 Rc8 20. Rab1 b5 21. Bc5 Na5 22. axb5 axb5 23. Ra1 Rxc5 24. dxc5 b4 25. Na4 Bxa1 26. Rxa1 Bxa4 27. Rxa4 Nc6 28. Qa1 Rxa4 29. Qxa4 Nfe7 30. Nd3 e5 31. Qa6 Kg7 32. Bg2 e4 33. Nf4 Qe5 34. h4 Qc3 35. Nxd5 Qe1+ 36. Bf1 Nxd5 37. Qxc6 Nf6 38. Qd6 Ng4 39. Qf4 f5 40. c6 Qc3 41. c7 Qc2 42. Ba6 1-0

[Event "Titled Tuesday intern op 21st Dec"]
[Site "Chess.com INT"]
[Date "2021.12.21"]
[Round "5"]
[White "Pinheiro, Iung Alicio"]
[Black "Idrisov, Ildar F"]
[Result "1/2-1/2"]
[WhiteElo "2320"]
[BlackElo "2282"]
[PlyCount "104"]
[EventDate "2021.12.21"]
[EventType "swiss (blitz)"]
[EventRounds "11"]
[EventCountry "USA"]
[SourceTitle "CBM 205 Extra"]
[Source "ChessBase"]
[SourceDate "2022.01.31"]
[SourceVersion "1"]
[SourceVersionDate "2022.01.31"]
[SourceQuality "1"]

1. d4 d6 2. e4 Nf6 3. Nc3 c6 4. f4 Bg4 5. Qd3 Bd7 6. e5 Nd5 7. Nxd5 cxd5 8. Nf3 Nc6 9. Qb3 dxe5 10. fxe5 e6 11. c3 Rb8 12. a4 Be7 13. Bd3 O-O 14. O-O f5 15. exf6 Rxf6 16. Qc2 h6 17. Bd2 Bd6 18. Rae1 Qc7 19. b4 Rbf8 20. b5 Ne7 21. Qd1 Ng6 22. Bb1 Bf4 23. Qc2 Bxd2 24. Nxd2 Rxf1+ 25. Nxf1 Rf6 26. Qd3 Qf4 27. Qe2 Ne7 28. Ng3 Nf5 29. Nh5 Qg5 30. Nxf6+ Qxf6 31. Bxf5 Qxf5 32. Rf1 Qg5 33. Qf2 Qe7 34. Qf4 a6 35. Qb8+ Kh7 36. Qxb7 axb5 37. axb5 Qd6 38. Rf7 Qa3 39. Rxg7+ Kxg7 40. Qxd7+ Kf6 41. Qd8+ Kf5 42. h3 Qc1+ 43. Kh2 Qf4+ 44. Kg1 Qe3+ 45. Kh1 Qc1+ 46. Kh2 Qf4+ 47. Kg1 Qc1+ 48. Kf2 Qd2+ 49. Kf1 Qd1+ 50. Kf2 Qd2+ 51. Kf3 Qd3+ 52. Kf2 Qd2+ 1/2-1/2

[Event "Titled Tuesday intern op 21st Dec"]
[Site "Chess.com INT"]
[Date "2021.12.21"]
[Round "5"]
[White "Piorun, Kacper"]
[Black "Cvetanovic, Uros"]
[Result "1-0"]
[WhiteElo "2640"]
[BlackElo "2248"]
[PlyCount "71"]
[EventDate "2021.12.21"]
[EventType "swiss (blitz)"]
[EventRounds "11"]
[EventCountry "USA"]
[SourceTitle "CBM 205 Extra"]
[Source "ChessBase"]
[SourceDate "2022.01.31"]
[SourceVersion "1"]
[SourceVersionDate "2022.01.31"]
[SourceQuality "1"]

1. f4 Nf6 2. Nf3 d5 3. g3 c5 4. Bg2 Nc6 5. O-O g6 6. d3 Bg7 7. Nc3 d4 8. Na4 Qd6 9. c4 Ng4 10. a3 O-O 11. b4 b6 12. b5 Nd8 13. Ne5 Rb8 14. Nxg4 Bxg4 15. h3 Bd7 16. Qe1 e5 17. Qf2 Qe7 18. Nb2 Kh8 19. fxe5 Bxe5 20. Bh6 Bg7 21. Bf4 Rc8 22. a4 Ne6 23. Bd2 Rce8 24. a5 Ng5 25. axb6 axb6 26. Ra7 h6 27. h4 Ne6 28. Bc6 Rd8 29. Na4 Qd6 30. Bxd7 Rxd7 31. Rxd7 Qxd7 32. Nxb6 Qa7 33. Nd5 Qa2 34. Bf4 Re8 35. e4 dxe3 36. Qxa2 1-0

[Event "Titled Tuesday intern op 21st Dec"]
[Site "Chess.com INT"]
[Date "2021.12.21"]
[Round "5"]
[White "Plotnikov, Pavel"]
[Black "Wagner, Dennis"]
[Result "1-0"]
[WhiteElo "2297"]
[BlackElo "2584"]
[PlyCount "103"]
[EventDate "2021.12.21"]
[EventType "swiss (blitz)"]
[EventRounds "11"]
[EventCountry "USA"]
[SourceTitle "CBM 205 Extra"]
[Source "ChessBase"]
[SourceDate "2022.01.31"]
[SourceVersion "1"]
[SourceVersionDate "2022.01.31"]
[SourceQuality "1"]

1. e4 c5 2. Nf3 d6 3. g3 g6 4. Bg2 Bg7 5. O-O Nc6 6. c3 e5 7. a3 Nge7 8. b4 a6 9. d3 h6 10. Bb2 Be6 11. Nbd2 O-O 12. Rc1 Qd7 13. Ba1 f5 14. exf5 gxf5 15. Nh4 f4 16. Ne4 cxb4 17. axb4 b6 18. Re1 d5 19. Nd2 Bg4 20. Qa4 b5 21. Qa2 Kh7 22. c4 Nf5 23. Nxf5 Bxf5 24. Qb3 bxc4 25. dxc4 Rab8 26. b5 axb5 27. cxd5 Nd4 28. Bxd4 exd4 29. Ne4 Bg6 30. Nc5 Qf5 31. Ne6 fxg3 32. Nxf8+ Rxf8 33. fxg3 d3 34. Rcd1 Qf2+ 35. Kh1 d2 36. Rf1 Qe2 37. Rxf8 Bxf8 38. Bf3 Qe1+ 39. Kg2 Bc5 40. d6 Qf2+ 41. Kh3 Bf5+ 42. g4 Bxd6 43. Qf7+ Kh8 44. Qf6+ Kg8 45. Bd5+ Kh7 46. Qxf5+ Qxf5 47. gxf5 Bf4 48. Kg4 Bg5 49. f6 Kg6 50. f7 Kf6 51. h4 Ke5 52. f8=Q 1-0

[Event "Titled Tuesday intern op 21st Dec"]
[Site "Chess.com INT"]
[Date "2021.12.21"]
[Round "5"]
[White "Polaczek, Richard"]
[Black "Villalba, Marcelo"]
[Result "1-0"]
[WhiteElo "2360"]
[BlackElo "2258"]
[PlyCount "81"]
[EventDate "2021.12.21"]
[EventType "swiss (blitz)"]
[EventRounds "11"]
[EventCountry "USA"]
[SourceTitle "CBM 205 Extra"]
[Source "ChessBase"]
[SourceDate "2022.01.31"]
[SourceVersion "1"]
[SourceVersionDate "2022.01.31"]
[SourceQuality "1"]

1. d4 Nf6 2. Bg5 e6 3. e4 c5 4. d5 e5 5. Nc3 d6 6. Bb5+ Nbd7 7. a4 Be7 8. Nf3 O-O 9. O-O Ne8 10. Bxe7 Qxe7 11. Nd2 g6 12. Be2 Ng7 13. Nc4 a6 14. a5 f5 15. Ra3 Rb8 16. Rb3 Nf6 17. Rb6 Nge8 18. f3 f4 19. Rb3 g5 20. Nb6 Qd8 21. Nxc8 Qxc8 22. Na4 Rf7 23. Nb6 Qc7 24. Rc3 Nd7 25. Nc4 Nef6 26. Ra3 Rg7 27. Qe1 h5 28. b4 cxb4 29. Qxb4 Nc5 30. Rc3 Rc8 31. Nb6 g4 32. Nxc8 Qxc8 33. Qb6 Qd7 34. Rxc5 dxc5 35. Qxf6 Qc7 36. Qe6+ Kh7 37. fxg4 hxg4 38. Bxg4 Qd8 39. Bf5+ Kh8 40. Qh6+ Kg8 41. Be6+ 1-0

[Event "Titled Tuesday intern op 21st Dec"]
[Site "Chess.com INT"]
[Date "2021.12.21"]
[Round "5"]
[White "Rasulov, Vugar Ural Oglu"]
[Black "Zubov, Alexander"]
[Result "1/2-1/2"]
[WhiteElo "2453"]
[BlackElo "2598"]
[PlyCount "99"]
[EventDate "2021.12.21"]
[EventType "swiss (blitz)"]
[EventRounds "11"]
[EventCountry "USA"]
[SourceTitle "CBM 205 Extra"]
[Source "ChessBase"]
[SourceDate "2022.01.31"]
[SourceVersion "1"]
[SourceVersionDate "2022.01.31"]
[SourceQuality "1"]

1. d4 Nf6 2. c4 g6 3. Nc3 d5 4. h4 c6 5. cxd5 cxd5 6. Bf4 Nc6 7. e3 Bg7 8. Be2 h6 9. Nf3 O-O 10. Ne5 Nd7 11. Nxd7 Qxd7 12. Rc1 Rd8 13. h5 g5 14. Bg3 e5 15. dxe5 d4 16. exd4 Nxd4 17. O-O Qe7 18. Bg4 Be6 19. Bxe6 Qxe6 20. Re1 Rac8 21. Ne4 Rxc1 22. Qxc1 Qxa2 23. Qc7 Qd5 24. Nf6+ Bxf6 25. exf6 Nf5 26. Kh2 Nxg3 27. fxg3 g4 28. Re5 Qd7 29. Qxd7 Rxd7 30. Re8+ Kh7 31. Re7 Rd5 32. Rxf7+ Kg8 33. Rxb7 Rxh5+ 34. Kg1 a5 35. Rg7+ Kf8 36. Rxg4 Rb5 37. Rh4 h5 38. g4 hxg4 39. Rxg4 Kf7 40. Kh2 Rxb2 41. Rf4 Rb6 42. Ra4 Ra6 43. Kg3 Kxf6 44. Kf4 Ke6 45. Ke4 Kd7 46. Kd5 Rg6 47. Kc5 Rxg2 48. Rxa5 Rg5+ 49. Kb6 Rxa5 50. Kxa5 1/2-1/2

[Event "Titled Tuesday intern op 21st Dec"]
[Site "Chess.com INT"]
[Date "2021.12.21"]
[Round "5"]
[White "Rodrigues Mota, Romulo Cardoso S"]
[Black "Bures, Vit"]
[Result "0-1"]
[WhiteElo "2027"]
[BlackElo "2119"]
[PlyCount "102"]
[EventDate "2021.12.21"]
[EventType "swiss (blitz)"]
[EventRounds "11"]
[EventCountry "USA"]
[SourceTitle "CBM 205 Extra"]
[Source "ChessBase"]
[SourceDate "2022.01.31"]
[SourceVersion "1"]
[SourceVersionDate "2022.01.31"]
[SourceQuality "1"]

1. e4 e5 2. Nf3 Nc6 3. d4 exd4 4. Bc4 Bc5 5. c3 Nf6 6. O-O Nxe4 7. Re1 d5 8. cxd4 Bb6 9. Bxd5 Qxd5 10. Nc3 Qh5 11. Rxe4+ Be6 12. d5 O-O-O 13. Qb3 Bxd5 14. Nxd5 Qxd5 15. Qxd5 Rxd5 16. Bf4 Rhd8 17. g4 f6 18. g5 Nd4 19. Nxd4 Rxd4 20. Rae1 Rxe4 21. Rxe4 Rd4 22. Rxd4 Bxd4 23. b3 Kd7 24. h4 c5 25. Kg2 Ke6 26. Kf3 Kd5 27. h5 b5 28. g6 hxg6 29. hxg6 c4 30. Kg4 Ke4 31. f3+ Kd3 32. Kf5 c3 33. Ke6 c2 34. Bc1 b4 35. Kf7 f5 36. Ke6 f4 37. Kf5 Be3 38. Bb2 c1=Q 39. Bxc1 Bxc1 40. Ke6 Ke3 41. Kf7 Bb2 42. Ke6 Kxf3 43. Kd5 Ke3 44. Kc4 f3 45. Kb5 f2 46. Kxb4 f1=Q 47. Ka4 Qf4+ 48. b4 Bc3 49. Kb3 Qxb4+ 50. Kc2 Qb2+ 51. Kd1 Qd2# 0-1